Southville International School and Colleges
Your cart is empty.
  • Cart
  • Lists
    Public lists Eva Luna New books Lux_list list_1
    Your lists Log in to create your own lists
  • Log in to your account
  • Your cookies
  • Search history
Southville International School and Colleges
  • Advanced search
  • Recent comments
  • Most popular
  • Libraries

Log in to your account

Log in with GOOGLE


If you do not have an external account, but do have a local account, you can still log in:

  1. Home
  2. MARC view: Transcultural nursing :
Normal view MARC view ISBD view

Transcultural nursing : (Record no. 275881)

[ view plain ]
MARC details
000 -LEADER
fixed length control field 01387cam a22002898a 4500
001 - CONTROL NUMBER
control field MEB027809
005 - DATE AND TIME OF LATEST TRANSACTION
control field 20140925145420.0
008 - FIXED-LENGTH DATA ELEMENTS--GENERAL INFORMATION
fixed length control field 111025s2012 mou b 001 0 eng
010 ## - LIBRARY OF CONGRESS CONTROL NUMBER
LC control number 2011044493
020 ## - INTERNATIONAL STANDARD BOOK NUMBER
International Standard Book Number 9780323083799
035 ## - SYSTEM CONTROL NUMBER
System control number (DNLM)101571756
040 ## - CATALOGING SOURCE
Original cataloging agency DNLM/DLC
Transcribing agency DLC
042 ## - AUTHENTICATION CODE
Authentication code pcc
050 ## - LIBRARY OF CONGRESS CALL NUMBER
Classification number RT 86.54
Item number .T687 2013
245 00 - TITLE STATEMENT
Title Transcultural nursing :
Remainder of title assessment & interventions /
Statement of responsibility, etc [edited by] Joyce Newman Giger.
250 ## - EDITION STATEMENT
Edition statement 6th ed.
260 ## - PUBLICATION, DISTRIBUTION, ETC. (IMPRINT)
Place of publication, distribution, etc St. Louis, Mo. :
Name of publisher, distributor, etc Elsevier/Mosby,
Date of publication, distribution, etc c2013.
263 ## - PROJECTED PUBLICATION DATE
Projected publication date 1203.
300 ## - PHYSICAL DESCRIPTION
Extent xiii, 720 pages ;
Dimensions 24 cm.
504 ## - BIBLIOGRAPHY, ETC. NOTE
Bibliography, etc Includes bibliographical references and index.
505 0# - FORMATTED CONTENTS NOTE
Formatted contents note Introduction to transcultural nursing -- Communication -- Space -- Social organization -- Time -- Environmental control -- Biological variations -- African-Americans -- Mexican Americans -- Navajos -- Appalachians -- American Eskimos : the Yup'ik and Inupiat -- Japanese Americans -- Afghans and Afghan Americans -- Russian Americans -- Chinese Americans -- Filipino Americans -- Vietnamese Americans -- East Indian Hindu Americans -- Haitian Americans -- Jewish Americans -- Korean Americans -- French Canadians of Quebec origin -- Puerto Rican Americans.
521 ## - TARGET AUDIENCE NOTE
Target audience note Nursing
650 ## - SUBJECT ADDED ENTRY--TOPICAL TERM
Topical term or geographic name as entry element Transcultural Nursing.
650 ## - SUBJECT ADDED ENTRY--TOPICAL TERM
Topical term or geographic name as entry element Nursing Assessment.
700 1# - ADDED ENTRY--PERSONAL NAME
Personal name Giger, Joyce Newman.
942 ## - ADDED ENTRY ELEMENTS (KOHA)
Source of classification or shelving scheme Library of Congress Classification
Koha item type Books
Call number prefix Foreign
Holdings
Withdrawn status Lost status Source of classification or shelving scheme Damaged status Home library Current library Shelving location Date acquired Source of acquisition Total Checkouts Total Renewals Full call number Barcode Date last seen Date checked out Price effective from Koha item type
    Library of Congress Classification   College Library College Library Reserve Section 09/25/2014 Library Fund 3 15 RT 86.54 .T687 2013 C18658 06/27/2018 05/02/2018 09/25/2014 Books

Transcultural nursing :

APA

Giger J. N., . (2013). Transcultural nursing. St. Louis, Mo: Elsevier/Mosby.

Chicago

Giger Joyce Newman, . 2013. Transcultural nursing. St. Louis, Mo: Elsevier/Mosby.

Harvard

Giger J. N., . (2013). Transcultural nursing. St. Louis, Mo: Elsevier/Mosby.

MLA

Giger Joyce Newman, . Transcultural nursing. St. Louis, Mo: Elsevier/Mosby. 2013.

  • Place hold
  • Print
  • Cite
  • Add to your cart (remove)
  • Save record
    BIBTEX Dublin Core MARCXML MARC (non-Unicode/MARC-8) MARC (Unicode/UTF-8) MARC (Unicode/UTF-8, Standard) MODS (XML) RIS
  • More searches
    Search for this title in:
    Other Libraries (WorldCat) Other Databases (Google Scholar) Online Stores (Bookfinder.com) Open Library (openlibrary.org)

Exporting to Dublin Core...

SOUTHVILLE LIBRARY

Southville International School and Colleges Library

1281 Tropical Ave. Cor. Luxembourg St., BF Homes International, Las Pinas City

Tel. No. 8256374 / 252358 Loc. 117/146

Powered by Koha